000 00276nam a2200109Ia 4500
008 190914s9999||||xx |||||||||||||| ||und||
100 _aMano, Kime
245 0 _aLogic And Computer Design Fundamentals
260 _aCanada
_bTata McGraw Hill
_c1998
300 _a381
942 _cBK
999 _c9731
_d9731